Diario de un poeta reciencasado (Record no. 184130)

MARC details
000 -LEADER
campo de control de longitud fija 00956nam a2200265 i 4500
001 - NÚMERO DE CONTROL
campo de control 184130
003 - IDENTIFICADOR DE NÚMERO DE CONTROL
campo de control ES-MaACL
005 - FECHA Y HORA DE LA ÚLTIMA TRANSACCIÓN
campo de control 20231227062546.0
008 - DATOS DE LONGITUD FIJA--INFORMACIÓN GENERAL
campo de control de longitud fija 150323s1970 sp |||| |aspa d
080 ## - NÚMERO DE LA CLASIFICACIÓN DECIMAL UNIVERSAL
Número de la Clasificación Decimal Universal 821.134.2-1"19"
100 1# - ENTRADA PRINCIPAL--NOMBRE DE PERSONA
Nombre de persona Jiménez, Juan Ramón,
Fechas asociadas al nombre 1881-1958
9 (RLIN) 66417
245 10 - MENCIÓN DEL TÍTULO
Título Diario de un poeta reciencasado
Resto del título : con un apéndice de textos inéditos /
Mención de responsabilidad, etc. Juan Ramón Jiménez ; edición, prólogo y notas de Antonio Sánchez-Barbudo.
246 3# - FORMA VARIANTE DEL TITULO
Título propio/Titulo breve Diario de un poeta recién casado
260 ## - PUBLICACIÓN, DISTRIBUCIÓN, ETC.
Lugar de publicación, distribución, etc. Barcelona :
Nombre del editor, distribuidor, etc. Labor,
Fecha de publicación, distribución, etc. 1970.
300 ## - DESCRIPCIÓN FÍSICA
Extensión 312 p. ;
Dimensiones 18 cm.
490 1# - MENCIÓN DE SERIE
Mención de serie Textos hispánicos modernos ;
Designación de volumen o secuencia 6
500 ## - NOTA GENERAL
Nota general Índice.
504 ## - NOTA DE BIBLIOGRAFÍA, ETC.
Nota de bibliografía, etc. Bibliografía: p. 52-56.
597 ## - NOTA DE DESCRIPCIÓN FÍSICA
NOTA DE DESCRIPCIÓN FÍSICA En contracub.: retr. del autor.
598 ## - NOTA LOCAL
Nota local Colección dir. por Francisco Rico.
700 1# - ENTRADA AGREGADA--NOMBRE PERSONAL
Nombre de persona Sánchez Barbudo, Antonio.
9 (RLIN) 102480
830 0# - PUNTO DE ACCESO ADICIONAL DE SERIE-TÍTULO UNIFORME
Título uniforme Textos hispánicos modernos ;
Designación de volumen o secuencia 6
9 (RLIN) 181506
852 ## - LOCALIZACIÓN
Ubicación ES-MaACL
Número de control de estantería E-15515
Holdings
Estatus retirado Estado de pérdida Estado de daño No para préstamo Biblioteca de origen Biblioteca actual Ubicación en estantería Fecha de adquisición Fuente de adquisición Total de préstamos Signatura topográfica completa Código de barras Visto por última vez Precio de reemplazo Tipo de ítem Koha
        Biblioteca del Ateneo de Madrid Biblioteca del Ateneo de Madrid Depósito 2 23/03/2015     E-15515 1193643 23/02/2023 23/02/2023 Libro impreso